| 000 | 01362cam a22003737i 4500 | ||
|---|---|---|---|
| 001 | 2653 | ||
| 005 | 20240108160127.0 | ||
| 020 | _a9781481404303 (hc) | ||
| 020 | _a148140430X (hc) | ||
| 020 | _a9781416903345 (pbk.) | ||
| 020 | _a1416903348 (pbk.) | ||
| 020 | _z9781439112281 (eBook) | ||
| 040 |
_aSINLB _beng _cSINLB _erda _dJAG _dOCLCO _dOCLCQ _dOCLCO _dBDX _dNYP _dOCLCF _dDLC |
||
| 050 | 0 | 0 |
_aPZ7.C8344 _bMyt 2014 |
| 082 | 0 | 4 |
_a813.54 _223 |
| 100 | 1 |
_aCoville, Bruce _eauthor. |
|
| 245 | 1 | 0 |
_aMy teacher is an alien / _cby Bruce Coville ; Illustrated by Mike Wimmer |
| 250 | _aFirst Minstrel Books printing, June 1989 | ||
| 260 |
_aNew York : _bPocket Books, _c1989 |
||
| 300 |
_a141 pages ; _c20cm |
||
| 490 | 0 | _aOut-of-this-world | |
| 505 | _aP | ||
| 520 | _aUneasy about her new substitute teacher, Susan Simmons' suspicions about Mr. Smith are confirmed when she discovers he is an alien determined to bring some sixth-grade specimens back to his planet. | ||
| 521 | 1 |
_a650 _bLexile |
|
| 521 | 1 |
_aP _bRaz-Plus |
|
| 650 | 0 |
_aExtraterrestrial beings _vJuvenile fiction. |
|
| 650 | 0 |
_aSchools _vJuvenile fiction. |
|
| 650 | 1 |
_aExtraterrestrial beings _vFiction. |
|
| 650 | 1 |
_aSchools _vFiction. |
|
| 650 | 1 | _aScience fiction. | |
| 700 |
_aWimmer, Mike _eillustrator |
||
| 906 |
_a7 _bcbc _ccopycat _d2 _eepcn _f20 _gy-gencatlg |
||
| 942 |
_2ddc _cBK _n0 |
||
| 999 |
_c2653 _d2653 |
||